000 00555nam a2200169 i 4500
001 79171
003 ES-MaACL
005 20240105062953.0
007 t|
008 041020s1955 sp ||||1| spa d
100 2 _aHernández Girbal, F.,
_d1902-2002
_962946
245 1 0 _aJulián Gayarre
_b: el tenor de la voz de ángel /
_cF. Hernández Girbal.
260 _aBarcelona :
_bLira,
_c1955 (
_eMadrid :
_fRolando)
300 _a606 p., 28 lám. :
_bretr. biog. ;
_c22 cm.
852 _aES-MaACL
_jC-10252
_bR.38928
999 _c79171
_d79171